|
|
|
|
| LEADER |
01302nam a2200325 a 4500 |
| 001 |
202400 |
| 008 |
110226s1999 nyua b 001 0 eng d |
| 010 |
|
|
|a 99062059
|
| 020 |
|
|
|a 0500281556
|
| 020 |
|
|
|a 0823045536
|
| 040 |
|
|
|a DLC
|c DLC
|d DLC
|b D-DhAAL
|
| 042 |
|
|
|a pcc
|
| 043 |
|
|
|a a-my---
|
| 050 |
0 |
0 |
|a NA1525.8.Y4
|b P686 1999
|
| 082 |
0 |
0 |
|a 720/.92
|2 21
|
| 100 |
1 |
|
|a Powell, Robert,
|d 1942-
|
| 245 |
1 |
0 |
|a Rethinking the skyscraper :
|b the complete architecture of Ken Yeang /
|c Robert Powell.
|
| 246 |
3 |
0 |
|a Complete architecture of Ken Yeang
|
| 260 |
|
|
|a New York :
|b Whitney Library of Design ;
|a London :
|b Thames & Hudson,
|c 1999.
|
| 300 |
|
|
|a 208 p. :
|b ill. (some col.) ;
|c 27 cm.
|
| 500 |
|
|
|a Simultaneously published by Thames & Hudson, London.
|
| 504 |
|
|
|a Includes bibliographical references (p. 193-202) and index.
|
| 541 |
1 |
|
|e 00012603
|
| 600 |
1 |
0 |
|a Yeang, Ken,
|d 1948-
|x Criticism and interpretation.
|
| 650 |
|
0 |
|a Skyscrapers
|z Malaysia.
|
| 650 |
|
0 |
|a Plants in architecture
|z Malaysia.
|
| 700 |
1 |
|
|a Yeang, Ken,
|d 1948-
|
| 852 |
4 |
|
|a Ayesha Abed Library
|j General shelf.
|
| 999 |
|
|
|c 10482
|d 10482
|
| 952 |
|
|
|0 0
|1 0
|2 ddc
|4 0
|6 720_920000000000000_POW
|7 0
|9 14456
|a BRACUL
|b BRACUL
|c GEN
|d 2011-02-26
|g 3842.00
|l 16
|m 150
|o 720.92 POW
|p 3010012603
|r 2026-05-04
|s 2026-04-13
|t 1
|w 2011-02-26
|y BK
|x HKD 357.80
|